logo

Bir Sreshtho Munshi Abdur Rouf Library
Jhenaidah Cadet College

গল্প লেখার কারুকলা / (Record no. 2121)

MARC details
000 -LEADER
fixed length control field 00676nam a2200241 a 4500
001 - CONTROL NUMBER
JCCL Control Number 2121
003 - CONTROL NUMBER IDENTIFIER
JCCL marc code BD-JhCC
005 - DATE AND TIME OF LATEST TRANSACTION
control field 20171031162552.0
008 - FIXED-LENGTH DATA ELEMENTS--GENERAL INFORMATION
fixed length control field 171030s2002 bg |||| |a|| 000 0 ben d
020 ## - INTERNATIONAL STANDARD BOOK NUMBER
International Standard Book Number 9848116516
035 ## - SYSTEM CONTROL NUMBER
system control number (BD-JhCC)2121
040 ## - CATALOGING SOURCE
Original cataloging agency BD-JhCC
Modifying agency BD-JhCC
041 ## - LANGUAGE CODE
Language code of Book ben
082 ## - DEWEY DECIMAL CLASSIFICATION NUMBER
Classification number 891.4409
Author mark and Year AKH 2002
100 ## - MAIN ENTRY--PERSONAL NAME
Personal name আখন্দ, শহীদ
245 ## - TITLE STATEMENT
Title গল্প লেখার কারুকলা /
Statement of responsibility, etc শহীদ আখন্দ,
260 ## - PUBLICATION, DISTRIBUTION, ETC. (IMPRINT)
Place of publication, distribution, etc ঢাকা :
Name of publisher, distributor, etc বইপত্র,
Date of publication, distribution, etc 2002
300 ## - PHYSICAL DESCRIPTION
Pagination 187 p. :
Dimensions 22 cm.
650 ## - SUBJECT ADDED ENTRY--TOPICAL TERM
Topical term or geographic name as entry element Bengali Literature
650 ## - SUBJECT ADDED ENTRY--TOPICAL TERM
Topical term or geographic name as entry element Art of story writing
942 ## - ADDED ENTRY ELEMENTS (KOHA)
Source of classification or shelving scheme Dewey Decimal Classification
Koha item type Books
Holdings
Source of classification or shelving scheme Damaged status Not for loan Home library Current library Shelving location Cost, normal purchase price Total Checkouts Full call number Barcode Date last seen Copy number Koha item type
Dewey Decimal Classification     JCC Rouf Library JCC Rouf Library General Stacks 150.00   891.4409 AKH 2002 3412 10/30/2017 C-1 Books

JCC Library | Contacts | JCC Home

Last Update on 23 September 2017
Copyright @ 2017-2020 JCC Rouf Library
Rouf Library, Jhenidah Cadet College (JCC), Bangladesh